<?xml version="1.0" encoding="UTF-8"?>
<record
    xmlns:xsi="http://www.w3.org/2001/XMLSchema-instance"
    xsi:schemaLocation="http://www.loc.gov/MARC21/slim http://www.loc.gov/standards/marcxml/schema/MARC21slim.xsd"
    xmlns="http://www.loc.gov/MARC21/slim">

  <leader>01272nam a2200241Ia 4500</leader>
  <controlfield tag="003">OSt</controlfield>
  <controlfield tag="005">20240523153142.0</controlfield>
  <controlfield tag="008">210719s2005    xx            000 0 und d</controlfield>
  <datafield tag="040" ind1=" " ind2=" ">
    <subfield code="c">AL</subfield>
  </datafield>
  <datafield tag="041" ind1=" " ind2=" ">
    <subfield code="a">Tulu</subfield>
  </datafield>
  <datafield tag="082" ind1=" " ind2=" ">
    <subfield code="a">T894.3 SHRA</subfield>
  </datafield>
  <datafield tag="100" ind1=" " ind2=" ">
    <subfield code="a">SHREEMATIRAO (B K)</subfield>
    <subfield code="d">&#xCB6;&#xCCD;&#xCB0;&#xCC0;&#xCAE;&#xCA4;&#xCBF; &#xCB0;&#xCBE;&#xCB5;&#xCCD; (&#xCAC;&#xCBF; &#xC95;&#xCC6;) </subfield>
    <subfield code="9">167149</subfield>
  </datafield>
  <datafield tag="245" ind1=" " ind2=" ">
    <subfield code="a">Aparupoda aparanjilu: Tulu pavranika katha sankalana</subfield>
    <subfield code="b">&#xC85;&#xCAA;&#xCB0;&#xCC2;&#xCAA;&#xCA6; &#xC85;&#xCAA;&#xCB0;&#xC82;&#xC9C;&#xCBF;&#xCB2;&#xCC1;: &#xCA4;&#xCC1;&#xCB3;&#xCC1; &#xCAA;&#xCCC;&#xCB0;&#xCBE;&#xCA3;&#xCBF;&#xC95; &#xC95;&#xCA5;&#xCBE; &#xCB8;&#xC82;&#xC95;&#xCB2;&#xCA8;  </subfield>
  </datafield>
  <datafield tag="260" ind1=" " ind2=" ">
    <subfield code="a">Dakshina Kannada</subfield>
    <subfield code="b">Yugapurusha Prakatanalaya</subfield>
    <subfield code="c">2005</subfield>
  </datafield>
  <datafield tag="300" ind1=" " ind2=" ">
    <subfield code="a">101</subfield>
    <subfield code="b">PB</subfield>
  </datafield>
  <datafield tag="365" ind1=" " ind2=" ">
    <subfield code="b">50</subfield>
    <subfield code="c">Rs</subfield>
  </datafield>
  <datafield tag="440" ind1=" " ind2=" ">
    <subfield code="a">Yugapurusha granthamale 387</subfield>
    <subfield code="9">167150</subfield>
  </datafield>
  <datafield tag="520" ind1=" " ind2=" ">
    <subfield code="a">&#xCAA;&#xCB0;&#xCBF;&#xCB5;&#xCBF;&#xCA1;&#xCBF;

i &#xCAA;&#xCCD;&#xCB0;&#xCB8;&#xCCD;&#xCA4;&#xCBE;&#xCB5;&#xCA8;&#xCC6;
1. &#xC95;&#xCB2;&#xCCD;&#xCB2;&#xCCD; &#xCA1;&#xCCD;&#xCA1;  &#xCB0;&#xCB2;&#xCCD;&#xCA6;&#xCC1;&#xCE6;&#xCA4;&#xCCD;&#xCAF;&#xCB2;&#xCCD;!!!
2. &#xCAE;&#xCA6;&#xCAF;&#xC82;&#xCA4;&#xCBF;
3. &#xCAA;&#xC82;&#xC9A;&#xC95;&#xCA8;&#xCCD;&#xCAF;&#xCC6;&#xCB0;&#xCCD;&#xCA1;&#xCCD;&#xC92;&#xCB0;&#xCCD;&#xCA4;&#xCBF;
4. &#xC9A;&#xCBE;&#xC82;&#xCA6;&#xCCD;&#xCB0;&#xCAE;&#xCB8;&#xCBF;
5. &#xCAE;&#xCB9;&#xCBE;&#xCB8;&#xCBE;&#xCA6;&#xCCD;&#xCB5;&#xCBF;, &#xCAE;&#xCBE;&#xCA7;&#xCB5;&#xCBF;
6. &#xCB5;&#xCB6;&#xCB5;&#xCBE;&#xCAF;&#xCB0;&#xCCD; &#xCAA;&#xCB0;&#xCBE;&#xCB6;&#xCB0;&#xCC6;&#xCB0;&#xCCD; !
7. &#xCAA;&#xCC3;&#xCA5;&#xCC6;&#xCA8; &#xCB5;&#xCCD;&#xCAF;&#xCA5;&#xCC6;&#xCA4; &#xC95;&#xCA4;&#xCC6;
8. &#xC89;&#xCB0;&#xCBF;&#xCA4;&#xCCA; &#xCAE;&#xCB0;&#xCBF;</subfield>
  </datafield>
  <datafield tag="650" ind1=" " ind2=" ">
    <subfield code="a">Tulu Fiction</subfield>
    <subfield code="9">167151</subfield>
  </datafield>
  <datafield tag="650" ind1=" " ind2=" ">
    <subfield code="a">Tulu Fiction</subfield>
    <subfield code="9">167151</subfield>
  </datafield>
  <datafield tag="906" ind1=" " ind2=" ">
    <subfield code="a">aparanjilu ; Aparupoda ; katha ; pavranika ; sankalana ; Tulu</subfield>
  </datafield>
  <datafield tag="942" ind1=" " ind2=" ">
    <subfield code="2">ddc</subfield>
    <subfield code="c">BK</subfield>
  </datafield>
  <datafield tag="999" ind1=" " ind2=" ">
    <subfield code="c">214934</subfield>
    <subfield code="d">214934</subfield>
  </datafield>
  <datafield tag="952" ind1=" " ind2=" ">
    <subfield code="0">0</subfield>
    <subfield code="1">0</subfield>
    <subfield code="4">0</subfield>
    <subfield code="7">0</subfield>
    <subfield code="8">Tulu</subfield>
    <subfield code="a">AL</subfield>
    <subfield code="b">AL</subfield>
    <subfield code="d">2008-11-29</subfield>
    <subfield code="g">50.00</subfield>
    <subfield code="l">0</subfield>
    <subfield code="o">T894.3 SHRA</subfield>
    <subfield code="p">D03550</subfield>
    <subfield code="r">2021-07-19 00:00:00</subfield>
    <subfield code="w">2021-07-19</subfield>
    <subfield code="y">DB</subfield>
  </datafield>
</record>
